The trail boys of the plains ; or, The hunt for the big buffalo /

Bibliographic Details
Main Author: Allen, Jay Winthrop
Format: Book
Language:English
Published: New York : Dodd, Mead and company, [1915]

MARC

Tag First Indicator Second Indicator Subfields
LEADER 00000cam a2200000 4500
001 in00000689727
005 20151015172828.0
008 800731s1915 nyuf j 00011 eng d
010 |a  15019626  
035 |a (OCoLC)06573408 
035 |9 ADA2293AM 
040 |a TXA  |c TXA  |d UtOrBLW 
049 |a TXAS  |c [1090551] 
090 |a PZ7.A427  |b T 
100 1 |a Allen, Jay Winthrop. 
245 1 4 |a The trail boys of the plains ;  |b or, The hunt for the big buffalo /  |c by Jay Winthrop Allen; illustrated by Walter S. Rogers. 
264 1 |a New York :  |b Dodd, Mead and company,  |c [1915] 
264 4 |c [©1915] 
300 |a 339 pages :  |b frontispiece, plates. 
336 |a text  |b txt  |2 rdacontent 
337 |a unmediated  |b n  |2 rdamedia 
338 |a volume  |b nc  |2 rdacarrier 
999 |a MARS 
999 f f |s 27e38eb0-3220-3cdc-a84e-b77caf76323a  |i 69c12f61-da1b-3ee0-87e7-e6101634d36b  |t 0 
952 f f |p noncirc  |a Texas A&M University  |b College Station  |c Cushing Memorial Library & Archives  |d Cushing: Dykes (Does not check out)  |t 0  |e PZ7.A427 T  |h Library of Congress classification  |i unmediated -- volume  |m A14851909227 
998 f f |a PZ7.A427 T  |t 0  |l Cushing: Dykes (Does not check out)